Nicaragua: Formas de organización económica del campesinado /
Expone y analiza la formación y desarrollo de nuevas formas de organización económica del campesinado en Nicaragua, tomando como punto de partida principal la reforma agraria decretada por el Frente Sandinista de Liberación Nacional. Establece un balance político-económico entre el desarrollo del se...
Gardado en:
| Autor Principal: | |
|---|---|
| Outros autores: | |
| Formato: | Texto |
| Materias: | |
| Etiquetas: |
Engadir etiqueta
Sen Etiquetas, Sexa o primeiro en etiquetar este rexistro!
|
MARC
| LEADER | 00000 a a2200000 04500 | ||
|---|---|---|---|
| 001 | 5404 | ||
| 003 | |||
| 040 | |||
| 100 | |a Linares Cervela, Luis | ||
| 245 | |a Nicaragua: |b Formas de organización económica del campesinado / |c Luis Linares Cervela ; Sarah Rodríguez Torres | ||
| 520 | |a Expone y analiza la formación y desarrollo de nuevas formas de organización económica del campesinado en Nicaragua, tomando como punto de partida principal la reforma agraria decretada por el Frente Sandinista de Liberación Nacional. Establece un balance político-económico entre el desarrollo del sector cooperativo agrícola y el objetivo gubernamental: estimular los esfuerzos productivos del campesino y desarrollar la producción económica del país. CEM/mb | ||
| 650 | |a CAMPESINADO | ||
| 650 | |a CAMBIO SOCIAL | ||
| 650 | |a POLITICA AGRARIA | ||
| 650 | |a REFORMA AGRARIA | ||
| 650 | |a ORGANIZACIONES CAMPESINAS | ||
| 650 | |a POLITICA GUBERNAMENTAL | ||
| 650 | |a COOPERATIVAS AGRICOLAS | ||
| 650 | |a PRODUCCION AGROPECUARIA | ||
| 650 | |a DESARROLLO ECONOMICO Y SOCIAL | ||
| 700 | |a Rodríguez Torres, Sarah | ||
| 773 | |g número 98; páginas 64-83 | ||
| 999 | |c 34659 |d 34659 | ||
